The honorary consul.

Saved in:
Bibliographic Details
Main Author: Greene, Graham, 1904-
Format: Book
Language:English
Published: Harmondsworth : Penguin, 1974.
Subjects:
LEADER 00925nam a22002651a 4500
001 c000117122
003 CARM
005 20000224152523.0
008 840509s1974 enk 000 0 eng d
019 1 |a 11855351  |z 3302195  |5 LACONCORD2021 
020 |a 0140039112 
035 |a (OCoLC)12468029  |5 LACONCORD2021 
040 |a QMS  |b eng  |c QMS  |d WLB  |d SFED 
050 0 0 |a PR6013.R44  |b H6 
082 0 4 |a 823/.9/12  |2 20 
100 1 |a Greene, Graham,  |d 1904- 
245 1 4 |a The honorary consul. 
260 |a Harmondsworth :  |b Penguin,  |c 1974. 
300 |a 267p ;  |c 18cm. 
650 0 |a Kidnapping  |z Argentina  |x Fiction. 
650 0 |a Diplomats  |z Argentina  |x Fiction. 
650 0 |a British  |z Argentina  |x Fiction. 
852 8 |b CARM  |h A2:AI13G0  |i A02144  |p 0152916  |f BK 
999 f f |i be53773c-cb11-599e-95a1-15a1e60f7c60  |s 94daf380-f409-5b29-95b9-ce6ec35eb8f0 
952 f f |p Can circulate  |a CAVAL  |b CAVAL  |c CAVAL  |d CARM 1 Store  |e A02144  |f A2:AI13G0  |h Other scheme  |i book  |m 0152916